00438nam a2200145 a 4500001000500000005001700005008004100022020001800063050001800081100001500099245008600114260003500200300001600235650004100251312620140414131906.0060201s19uu xx 00 eng d a0-439-45538-3 aFICbK79 2003 aKowitt, H. aGI Joe vs. cobra : shooting stars /cby H. Kowitt ; illustrated by Carlo Lo Raso. aNew York :bScholastic,c2003. a46 p. ; cm. aAdventures and adventurersxFiction.